| 000 | 00805nam a22002417a 4500 | ||
|---|---|---|---|
| 005 | 20250217121322.0 | ||
| 008 | 250215b ||||| |||| 00| 0 eng d | ||
| 020 | _a9788195680788 | ||
| 040 | _cAL | ||
| 041 | _aEnglish | ||
| 082 |
_223 _a822.8 _bDOCT |
||
| 100 |
_aCha Fra Dcosta _9200278 |
||
| 245 | _aThree Plays of Cha Fra Dcosta | ||
| 260 |
_aMangaluru _bSt Aloysius Prakashana _c2024 |
||
| 300 |
_a134 p. _bPB _c21x14 cm. |
||
| 365 |
_b₹200.00 _c₹ _d₹200.00 |
||
| 520 | _aDr Sylvia Rego, Department of English, St Aloysius (Deemed to be University), | ||
| 650 |
_aTeacher Unmarried (Aunkwar Mesthri) _9200078 |
||
| 650 |
_aThe Man with a Heart of Gold (Bangar Monis) _9200079 |
||
| 650 |
_aJillas Men (Jillache Novre) _9200080 |
||
| 700 |
_aREGO (Sylvia) Tr _9200081 |
||
| 942 |
_2ddc _cDB |
||
| 999 |
_c233802 _d233802 |
||